Microsoft Excel 2000 pro manažéry a ekonomy

Gespeichert in:
Bibliographische Detailangaben
1. Verfasser: Brož, Milan
Format: Buch
Sprache:Tschechisch
Veröffentlicht: Brno Computer Press 2003
Schlagworte:
Tags: Tag hinzufügen
Keine Tags, Fügen Sie das erste Tag hinzu!

MARC

LEADER 00000nam$a2200000$$$4500
001 0021442
005 20240313133211.9
020 |a 80-7226-352-8 
041 0 |a cze 
044 |a CZ 
245 1 0 |a Microsoft Excel 2000 pro manažéry a ekonomy  |c Milan Brož 
264 1 |a Brno  |b Computer Press  |c 2003 
300 |a 395 s. 
610 2 0 |a softvér 
610 2 0 |a programy počítačové 
610 2 0 |a programy spracovateľské 
610 2 0 |a spracovanie dát 
610 2 0 |a Microsoft Excel 
100 1 |a Brož, Milan